Kris Aquino Movie Title - Statistics

General Stats
  • This quiz has been taken 431 times
  • The average score is 4 of 10
Answer Stats
Hint Answer % Correct
Segunda ____ Mano
94%
Feng ____ Shui
88%
Dekada ___ '70
72%
So _____ Together Happy
65%
You and Me _______ ___ _____ Against the World
45%
My Funny _________ Valentine
33%
Kimmy Dora and the ______ __ ______ Temple of Kiyeme
19%
Pido Dida: _____ Tayo Sabay
15%
Mano Po 2: __ ____ My Home
5%
_____ Fantasia Tasya
5%
No matching quizzes found
Score Distribution
Percent of People with Each Score
Percentile by Number Answered
Your Score History
You have not taken this quiz